LEADER 01232nam a2200313 u 4500 001 000000000433 003 CaOOAMICUS 005 20070226104211.0 008 940517s1968 it u000 u ita u 035 $a10007969 040 $aPUL(R)$bita 100 1 $aNicoletti, Enrico.$0(OLS)http://pul/name/458 245 10$aEsistenza ed essere /$cEnrico Nicoletti. 250 $a2. ed. 260 $aRoma :$bStudium,$c1968. 300 $a136 p. ;$c23 cm 490 1 $aCultura (Edizioni Studium) ;$v35 650 4$aUomo (filosofia).$0(OLS)http://pul/subject/436 830 0$aCultura (Edizioni Studium) ;$v35.$0(OLS)http://pul/title/561 850 $aPUL 852 $aPUL$W1$xDP1 Fondo Giannini$y60$m1554 G 11$j484$nBK-PRI$b $qFondi$B484$CPULBib$Z2$F484 $81 852 $aPUL$W1$xSL Filosofia 1$y2$m96 F 23$j485$nBK-PRI$b $qStampati$B485$CPULBib$Z2$F485 $81 852 $aPUL$W1$xDP1 Fondo Bordoni$y120$m3 A 37$j115645$qFondi$B172560$CPULBib$Z2$F172560 $HBor1025 $81 941 1 $a8 941 1 $a1 961 $aINV: F.GIANNINI 961 $aINV: 31271 996 $6245$aEsistenza ed essere$9(OLS)http://pul/title/560 996 $6260$aRoma :$bStudium$9(OLS)http://pul/publisher/47892 LEADER 01646nam a2200337 a 4500 001 000000153232 003 CaOOAMICUS 005 20160722133700.0 008 160722s2016 be u100 u eng r 020 $z978-90-429-3319-4* 032 $aLibriCat 040 $aPUL$bita 245 04$aThe normativity of history : $btheological truth and tradition in the tension between Church history and systematic theology /$cedited by Lieven Boeve, Mathijs Lamberigts, Terrence Merrigan. 260 $aLeuven, Paris, Bristol :$bPeeters,$c2016. 300 $aIX, 273 p. ;$c24 cm. 490 1 $aBibliotheca Ephemeridum theologicarum Lovaniensium ;$v282 504 $aBibliografia in nota. 650 4$aChiesa$xStoria.$0(OLS)http://pul/subject/128 700 1 $aMerrigan, Terrence.$0(OLS)http://pul/name/59456 700 1 $aBoeve, Lieven.$0(OLS)http://pul/name/47425 700 1 $aLamberigts, Mathijs.$0(OLS)http://pul/name/97098 830 0$aBibliotheca Ephemeridum theologicarum Lovaniensium ;$v282.$0(OLS)http://pul/title/1445 850 $aPUL 852 $aPUL$W1$xSL Religione 1$y3$m17 A 282$j176437$qStampati$B178909$CPULBib$Z2$F178909 $H128015 $81 941 1 $a8 960 $aStoria della chiesa$9128 960 $aStoria ecclesiastica$9128 996 $6020$z978-90-429-3319-4*$9(OLS)http://pul/number/160741 996 $6245$aThe normativity of history : $btheological truth and tradition in the tension between Church history and systematic theology$9(OLS)http://pul/title/192663 996 $6260$aLeuven, Paris, Bristol :$bPeeters$9(OLS)http://pul/publisher/83372